[Event "Tata Steel (Group B)"]
[Site "Wijk aan Zee NED"]
[Date "2016.01.27"]
[EventDate "2016.01.15"]
[Round "10"]
[Result "0-1"]
[White "Mikhail Antipov"]
[Black "Samuel Sevian"]
[WhiteElo "2567"]
[BlackElo "2578"]
[PlyCount "80"]

1. e4 e5 2. Nf3 Nc6 3. Bc4 Bc5 4. O-O Nf6 5. d3 O-O 6. c3 d5
7. exd5 Nxd5 8. a4 a6 9. Nbd2 Bg4 10. h3 Bh5 11. Ne4 Be7
12. Re1 Nb6 13. Bb3 Bg6 14. a5 Nd5 15. Ba4 f6 16. Nh4 Nxa5
17. Nxg6 hxg6 18. b4 b5 19. Bc2 Nb7 20. Bb3 c6 21. Qg4 Qe8
22. c4 bxc4 23. dxc4 Nxb4 24. c5+ Nd5 25. Qe6+ Kh8 26. Bxd5
Nd8 27. Qg4 cxd5 28. Nd6 Bxd6 29. cxd6 Ra7 30. Ba3 Rd7
31. Rad1 Qf7 32. Rxd5 Qxd5 33. Qxd7 Ne6 34. Kh2 Rb8 35. Qf7
Kh7 36. Re3 Rb7 37. Qe8 Nf4 38. Rg3 Qd1 39. Rg4 Rb1 40. Kg3
Ne2+ 0-1

[Event "Tata Steel (Group B)"]
[Site "Wijk aan Zee NED"]
[Date "2016.01.29"]
[EventDate "2016.01.15"]
[Round "11"]
[Result "0-1"]
[White "Samuel Sevian"]
[Black "Alexey Dreev"]
[WhiteElo "2578"]
[BlackElo "2644"]
[PlyCount "144"]

1. e4 c6 2. d4 d5 3. e5 Bf5 4. h4 h6 5. g4 Bd7 6. Be3 c5
7. dxc5 Qc7 8. Nc3 e6 9. Nb5 Bxb5 10. Bxb5+ Nc6 11. c3 Qxe5
12. Qa4 Qc7 13. Nf3 a6 14. Ne5 Nge7 15. Bf4 Qc8 16. Bd3 g6
17. h5 g5 18. Nxc6 Nxc6 19. Be5 Rg8 20. Bh7 Qd7 21. Bd4 Nxd4
22. Qxd7+ Kxd7 23. cxd4 Rh8 24. Bc2 Bg7 25. O-O-O b6 26. b4
Rhb8 27. a3 Ke7 28. Ba4 Rc8 29. Kc2 a5 30. Kb3 Rab8 31. cxb6
axb4 32. axb4 Rxb6 33. Rc1 Rcb8 34. Rc7+ Kf8 35. b5 Bxd4
36. Rhc1 R6b7 37. f3 Rxc7 38. Rxc7 Bb6 39. Rc6 Ke7 40. Kc2 Kf6
41. Kd3 Ke5 42. Bc2 Ba5 43. Ra6 Bb6 44. Ke2 f5 45. gxf5 exf5
46. Ra4 Rc8 47. Ra6 Rb8 48. Ra4 Re8 49. Kf1 Rc8 50. Ra6 Rxc2
51. Rxb6 Rb2 52. Rxh6 Rxb5 53. Rg6 Kf4 54. Kg2 Rb2+ 55. Kg1
Rb3 56. Kg2 Rxf3 57. h6 Rg3+ 58. Kh2 g4 59. Re6 Rh3+ 60. Kg2
Kg5 61. Rd6 Rxh6 62. Rxd5 Re6 63. Ra5 Kf4 64. Ra2 Re5 65. Ra4+
Kg5 66. Ra8 Re2+ 67. Kf1 Rc2 68. Ra5 g3 69. Kg1 Kg4 70. Ra4+
f4 71. Rb4 Kh3 72. Rxf4 Rc1+ 0-1

[Event "Tata Steel (Group B)"]
[Site "Wijk aan Zee NED"]
[Date "2016.01.30"]
[EventDate "2016.01.15"]
[Round "12"]
[Result "1-0"]
[White "Erwin L'Ami"]
[Black "Samuel Sevian"]
[WhiteElo "2627"]
[BlackElo "2578"]
[PlyCount "87"]

1. d4 Nf6 2. c4 e6 3. Nf3 d5 4. Nc3 dxc4 5. e4 Bb4 6. Bxc4
Nxe4 7. O-O Nxc3 8. bxc3 Be7 9. Ne5 O-O 10. Qg4 Bf6 11. Ba3
Be7 12. Bc1 Bf6 13. Bf4 c5 14. Rad1 cxd4 15. cxd4 Nc6 16. Rd3
g6 17. h4 Na5 18. Bb5 Qd5 19. Ba4 Nc4 20. Qg3 Rd8 21. Ng4 Be7
22. Rf3 e5 23. Nxe5 Be6 24. h5 Nxe5 25. Bxe5 Bd6 26. hxg6 hxg6
27. Bb3 Bxe5 28. dxe5 Qd7 29. Bxe6 Qxe6 30. Rf6 Qe7 31. Qg5
Qc5 32. Rc1 Qa5 33. Rxg6+ fxg6 34. Qxg6+ Kf8 35. e6 Ke7
36. Qf7+ Kd6 37. e7 Re8 38. Rd1+ Kc7 39. Qf4+ Kc8 40. Qg4+ Kb8
41. Qd7 Rxe7 42. Qxe7 a6 43. Rd8+ Ka7 44. Qe3+ 1-0

[Event "Tata Steel (Group B)"]
[Site "Wijk aan Zee NED"]
[Date "2016.01.31"]
[EventDate "2016.01.15"]
[Round "13"]
[Result "1/2-1/2"]
[White "Samuel Sevian"]
[Black "Baskaran Adhiban"]
[WhiteElo "2578"]
[BlackElo "2653"]
[PlyCount "90"]

1. e4 c5 2. Nf3 d6 3. d4 cxd4 4. Nxd4 Nf6 5. Nc3 a6 6. Bg5
Nbd7 7. f4 Qc7 8. g3 h6 9. Bh4 g6 10. Qe2 e5 11. Nf3 b5
12. O-O-O Bg7 13. Qd2 b4 14. Nd5 Nxd5 15. Qxd5 Bb7 16. Qxd6
Qxd6 17. Rxd6 Bxe4 18. Bg2 Nc5 19. Bf6 Bxf6 20. Rxf6 exf4
21. Rxf4 Rc8 22. Rxe4+ Nxe4 23. Re1 f5 24. Ne5 O-O 25. Nxg6
Rfe8 26. Nh4 Nc5 27. Rf1 f4 28. gxf4 Re2 29. Kd1 Ree8 30. Bf3
Kh7 31. Bg4 Rc7 32. Bf5+ Kg8 33. Kd2 a5 34. Rf3 Ne4+ 35. Kc1
Nd6 36. Bd3 Re1+ 37. Kd2 Rg1 38. Rg3+ Rg7 39. Ng6 Rxg3
40. hxg3 h5 41. Ke3 Kf7 42. Ne5+ Ke6 43. Kf3 Rc7 44. g4 hxg4+
45. Nxg4 a4 1/2-1/2